| 000 -LEADER |
| fixed length control field |
00546nam a22001937a 4500 |
| 008 - FIXED-LENGTH DATA ELEMENTS--GENERAL INFORMATION |
| fixed length control field |
150921b xxu||||| |||| 00| 0 eng d |
| 020 ## - INTERNATIONAL STANDARD BOOK NUMBER |
| International Standard Book Number |
9780205723904 |
| 020 ## - INTERNATIONAL STANDARD BOOK NUMBER |
| International Standard Book Number |
020572390X |
| 041 0# - LANGUAGE CODE |
| Language code of text/sound track or separate title |
eng |
| 080 ## - UNIVERSAL DECIMAL CLASSIFICATION NUMBER |
| Universal Decimal Classification number |
327 |
| 100 1# - Rafti |
| Rafti |
Goldstein, Joshua S., |
| 245 10 - TITLE STATEMENT |
| Title |
International relations / |
| Statement of responsibility, etc |
Joshua S. Goldstein, Jon C. Pevehouse. |
| 250 ## - |
| -- |
9th ed. |
| 260 ## - |
| -- |
New York : |
| -- |
Longman, |
| -- |
2010. |
| 300 ## - |
| -- |
xxxii, 561 f. : |
| -- |
me il.; |
| -- |
26 cm. |
| 650 #0 - |
| -- |
Marrëdhëniet ndërkombëtare |
| 700 1# - |
| -- |
Pevehouse, Jon C. |
| 942 ## - ADDED ENTRY ELEMENTS (KOHA) |
| Source of classification or shelving scheme |
|
| Item type |
Books |